Countries with a main religion that is rare - Statistics

General Stats
  • This quiz has been taken 1,368 times
  • The average score is 2 of 5
Answer Stats
Hint Answer % Correct
Judaism Israel
99%
Indigenous Beliefs Madagascar
23%
Indigenous Beliefs Togo
21%
_______ Folk Religions Vietnam
18%
Animism South Sudan
13%
No matching quizzes found
Score Distribution
Percent of People with Each Score
Percentile by Number Answered
Your Score History
You have not taken this quiz